00600nam a2200181Ia 4500001000800000003000500008005001700013008004100030010001100071040000900082082001400091110010200105245007900207260004000286300001000326410002000336610006200356dia_320CHAP20221213120755.0220117s1996 xx 000 0 und d a170873 cCHAP a637.1 M49 aMeéxico. secretaría de salud. dirección general de control sanitario de bienes de Servicio. aInspección y Saneamiento de Plantas Lecheras /c por Secretaria de Salud aMéxico, Secretaria de Saludc1996 a103P. aCURSOS, No. 301 a1.Industrias Lecheras .2. Plantas Lecheras - Inspección